| 000 | 00946cam a22002413a 4500 | ||
|---|---|---|---|
| 001 | 18462 | ||
| 003 | PGUSA | ||
| 005 | 20140828083407.0 | ||
| 008 | 060528s2006||||xxu|||||s|||||000 e eng d | ||
| 040 |
_aPGUSA _beng |
||
| 042 | _adc | ||
| 050 | 4 | _aPS | |
| 100 | 1 |
_aJordan, David Starr, _d1851-1931 |
|
| 245 | 1 | 4 |
_aThe Story of the Innumerable Company, and Other Sketches _h[electronic resource] / _cDavid Starr Jordan |
| 260 |
_bProject Gutenberg, _c2006 |
||
| 505 | 0 | _aThe story of the innumerable company -- The story of the passion -- The California of the padre -- The conquest of Jupiter Pen -- The last of the Puritans -- A knight of the order of poets -- Nature-study and moral culture -- The higher sacrifice -- The bubbles of Sáki. | |
| 506 | _aPublic domain in the USA. | ||
| 516 | _aElectronic text | ||
| 653 | _aEssays | ||
| 830 | 0 |
_aProject Gutenberg _v18462 |
|
| 856 | 4 | 0 | _uhttp://www.gutenberg.org/ebooks/18462 |
| 942 | _cEB | ||
| 999 |
_c247717 _d247717 |
||